书目信息 |
| 题名: |
好氧颗粒污泥水处理技术研究与应用
|
|
| 作者: | 李军 著 | |
| 分册: | ||
| 出版信息: | 北京 科学出版社 2021.01 |
|
| 页数: | 197页 | |
| 开本: | 24cm | |
| 丛书名: | ||
| 单 册: | ||
| 中图分类: | X703.1 | |
| 科图分类: | ||
| 主题词: | 污水处理--wu shui chu li--生物处理--研究 | |
| 电子资源: | ||
| ISBN: | 978-7-03-063991-2 | |
| 000 | 01384nam0 2200265 450 | |
| 001 | CAL 0120217122202 | |
| 005 | 20210318163153.3 | |
| 010 | @a978-7-03-063991-2@dCNY138.00 | |
| 100 | @a20210318d2021 em y0chiy0120 ea | |
| 101 | 0 | @achi |
| 102 | @aCN@b110000 | |
| 105 | @aa a 000yy | |
| 106 | @ar | |
| 200 | 1 | @a好氧颗粒污泥水处理技术研究与应用@Ahao yang ke li wu ni shui chu li ji shu yan jiu yu ying yong@f李军著 |
| 210 | @a北京@c科学出版社@d2021.01 | |
| 215 | @a197页@c图@d24cm | |
| 300 | @a生命科学前沿及应用生物技术 | |
| 314 | @a李军, 浙江工业大学环境学院教授、博士生导师。 | |
| 320 | @a有书目 | |
| 330 | @a本书共8章, 第一章介绍好氧颗粒污泥的基本概念 ; 第二章介绍几种好氧颗粒污泥培养的方法及其性能 ; 第三章介绍好氧颗粒污泥除磷、吸附重金属、胞外聚合物、富含原生和后生动物、脱水, 以及储存的特性 ; 第四章介绍好氧颗粒污泥的加速形成, 包括投加污泥微粉、微粉协同丝状菌、污泥干化返投等创新技术 ; 第五章介绍连续流好氧颗粒污泥的培养, 包括倒向折流式连续流反应器、合建式可变沉淀区氧化沟和双区沉淀池连续流反应器 ; 第六章介绍好氧颗粒污泥稳定运行的研究成果, 包括丝状菌的控制和污泥颗粒大小的控制 ; 第七章介绍了序批式和连续流好氧颗粒污泥的现场中试 ; 第八章介绍两个好氧颗粒污泥实际应用的案例。 | |
| 606 | 0 | @a污水处理@Awu shui chu li@x生物处理@x研究 |
| 690 | @aX703.1@v5 | |
| 701 | 0 | @a李军@Ali jun@4著 |
| 801 | 0 | @aCN@b人天书店@c20210318 |
| 905 | @aTSG@b0001242@dX703.1@eL185@f1 | |
| 好氧颗粒污泥水处理技术研究与应用/李军著.-北京:科学出版社,2021.01 |
| 197页:图;24cm |
| 生命科学前沿及应用生物技术 |
| ISBN 978-7-03-063991-2:CNY138.00 |
| 本书共8章, 第一章介绍好氧颗粒污泥的基本概念 ; 第二章介绍几种好氧颗粒污泥培养的方法及其性能 ; 第三章介绍好氧颗粒污泥除磷、吸附重金属、胞外聚合物、富含原生和后生动物、脱水, 以及储存的特性 ; 第四章介绍好氧颗粒污泥的加速形成, 包括投加污泥微粉、微粉协同丝状菌、污泥干化返投等创新技术 ; 第五章介绍连续流好氧颗粒污泥的培养, 包括倒向折流式连续流反应器、合建式可变沉淀区氧化沟和双区沉淀池连续流反应器 ; 第六章介绍好氧颗粒污泥稳定运行的研究成果, 包括丝状菌的控制和污泥颗粒大小的控制 ; 第七章介绍了序批式和连续流好氧颗粒污泥的现场中试 ; 第八章介绍两个好氧颗粒污泥实际应用的案例。 |
| ● |
| 相关链接 |
|
|
|
正题名:好氧颗粒污泥水处理技术研究与应用
索取号:X703.1/L185
 
预约/预借
| 序号 | 登录号 | 条形码 | 馆藏地/架位号 | 状态 | 备注 |
| 1 | 1537333 | 215373334 | 自科库501/501自科库 106排2列3层/ [索取号:X703.1/L185] | 在馆 |